[Event "World Chess Olympiad 2018"]
[Site "Batumi"]
[Date "2018.09.28"]
[Round "5"]
[Board "1"]
[WhiteFideId "8700680"]
[White "Munenga Douglas D"]
[BlackFideId "16700066"]
[Black "Abdul Rahman Ali"]
[Result "1-0"]
[LiveChessVersion "1.4.8"]
[BlackElo "1850"]
[WhiteElo "2273"]

1. e4 {[%clk 1:30:37]} e6 {[%clk 1:30:13]} 2. d4 {[%clk 1:30:16]} d5
{[%clk 1:30:32]} 3. Nd2 {[%clk 1:30:31]} Nc6 {[%clk 1:30:33]} 4. Ngf3 Nf6 5. e5
{[%clk 1:25:48]} Ne4 {[%clk 1:30:29]} 6. c3 {[%clk 1:25:26]} Nxd2
{[%clk 1:29:42]} 7. Bxd2 {[%clk 1:25:40]} Be7 {[%clk 1:30:02]} 8. Bd3
{[%clk 1:26:04]} O-O {[%clk 1:29:48]} 9. Qc2 {[%clk 1:23:31]} h6 {[%clk 1:27:57]}
10. h4 {[%clk 1:21:07]} a5 {[%clk 1:27:06]} 11. O-O-O {[%clk 1:03:37]} b6
{[%clk 1:27:11]} 12. Ng5 {[%clk 0:50:01]} Bd7 {[%clk 1:22:14]} 13. Bh7+
{[%clk 0:50:01]} Kh8 {[%clk 1:21:28]} 14. Bg8 {[%clk 0:50:19]} g6
{[%clk 1:21:25]} 15. Nxf7+ {[%clk 0:50:43]} Rxf7 {[%clk 1:20:05]} 16. Bxf7
{[%clk 0:51:06]} Qf8 {[%clk 1:19:40]} 17. Qxg6 {[%clk 0:51:05]} Nd8
{[%clk 1:18:44]} 18. Rh3 {[%clk 0:47:49]} Qxf7 {[%clk 1:18:32]} 19. Qxh6+
{[%clk 0:48:04]} Qh7 {[%clk 1:17:55]} 20. Qxh7+ {[%clk 0:46:44]} Kxh7
{[%clk 1:18:11]} 21. Bg5 {[%clk 0:47:12]} Nc6 {[%clk 1:17:42]} 22. f4
{[%clk 0:47:23]} Rg8 {[%clk 1:17:56]} 23. g4 {[%clk 0:47:23]} Rf8
{[%clk 1:16:16]} 24. Rf1 {[%clk 0:47:46]} Kg7 {[%clk 1:15:45]} 25. Kd2
{[%clk 0:47:43]} Bxg5 {[%clk 1:15:48]} 26. hxg5 {[%clk 0:48:09]} Be8
{[%clk 1:15:49]} 27. f5 {[%clk 0:48:35]} exf5 {[%clk 1:16:17]} 28. gxf5
{[%clk 0:49:02]} Bd7 {[%clk 1:16:28]} 29. Rhf3 {[%clk 0:49:11]} Bc8
{[%clk 1:14:17]} 30. e6 {[%clk 0:47:53]} Kg8 {[%clk 1:14:25]} 31. Re1
{[%clk 0:47:25]} Re8 {[%clk 1:11:48]} 32. Rh3 {[%clk 0:47:40]} Nd8
{[%clk 1:07:48]} 33. Reh1 {[%clk 0:47:39]} Nxe6 {[%clk 1:07:45]} 34. Rh8+
{[%clk 0:46:50]} Kf7 {[%clk 1:08:08]} 35. g6+ {[%clk 0:46:52]} Ke7
{[%clk 1:07:36]} 36. Rxe8+ {[%clk 0:46:44]} Kxe8 {[%clk 1:08:02]} 37. Rh8+
{[%clk 0:47:06]} Ke7 {[%clk 1:07:43]} 38. Rxc8 {[%clk 0:47:23]} 1-0

[Event "World Chess Olympiad 2018"]
[Site "Batumi"]
[Date "2018.09.28"]
[Round "5"]
[Board "2"]
[WhiteFideId "16700058"]
[White "Mohamed Hassan"]
[BlackFideId "8700389"]
[Black "Simutowe Musatwe"]
[Result "0-1"]
[LiveChessVersion "1.4.8"]
[BlackElo "2208"]
[WhiteElo "1846"]

1. d4 {[%clk 1:30:55]} Nf6 {[%clk 1:30:41]} 2. Nf3 {[%clk 1:31:19]} e6
{[%clk 1:30:29]} 3. g3 {[%clk 1:31:30]} b6 {[%clk 1:30:25]} 4. Bg2
{[%clk 1:31:52]} Bb7 {[%clk 1:30:45]} 5. O-O {[%clk 1:32:00]} Be7
{[%clk 1:31:05]} 6. c4 {[%clk 1:31:40]} O-O {[%clk 1:31:12]} 7. h3
{[%clk 1:31:15]} c5 {[%clk 1:29:52]} 8. Nc3 {[%clk 1:30:18]} cxd4
{[%clk 1:29:09]} 9. Nxd4 {[%clk 1:30:32]} Bxg2 {[%clk 1:27:15]} 10. Kxg2
{[%clk 1:30:54]} Qc7 {[%clk 1:27:17]} 11. b3 {[%clk 1:25:07]} d5 {[%clk 1:27:21]}
12. Ndb5 {[%clk 1:19:37]} Qc8 {[%clk 1:16:35]} 13. Ba3 {[%clk 1:00:49]} dxc4
{[%clk 1:14:23]} 14. Bxe7 {[%clk 1:00:49]} Qb7+ {[%clk 1:14:47]} 15. Kg1
{[%clk 0:47:40]} Qxe7 {[%clk 1:14:59]} 16. bxc4 {[%clk 0:47:02]} Rc8
{[%clk 1:04:20]} 17. Qd6 {[%clk 0:44:06]} Qxd6 {[%clk 0:58:41]} 18. Nxd6
{[%clk 0:39:15]} Rc6 {[%clk 0:58:29]} 19. Rfd1 {[%clk 0:38:10]} Nbd7
{[%clk 0:58:33]} 20. Rd4 {[%clk 0:36:04]} Kf8 {[%clk 0:55:13]} 21. Rad1
{[%clk 0:36:01]} Ke7 {[%clk 0:54:40]} 22. g4 {[%clk 0:35:15]} h6 {[%clk 0:54:25]}
23. f4 {[%clk 0:34:42]} Nc5 {[%clk 0:54:42]} 24. g5 {[%clk 0:34:06]} hxg5
{[%clk 0:54:58]} 25. fxg5 {[%clk 0:34:19]} Nfd7 {[%clk 0:54:57]} 26. Nde4
{[%clk 0:34:00]} Ne5 {[%clk 0:50:49]} 27. Kg2 {[%clk 0:33:15]} Nxe4
{[%clk 0:50:03]} 28. Nxe4 {[%clk 0:32:50]} Rxc4 {[%clk 0:49:54]} 29. Rxc4
{[%clk 0:32:14]} Nxc4 {[%clk 0:50:16]} 30. Rc1 {[%clk 0:31:30]} Rc8
{[%clk 0:50:22]} 31. Kf2 {[%clk 0:31:47]} b5 {[%clk 0:50:33]} 32. Nd2
{[%clk 0:30:31]} Kd6 {[%clk 0:49:41]} 33. Nxc4+ {[%clk 0:29:52]} Rxc4
{[%clk 0:49:45]} 34. Rd1+ {[%clk 0:28:42]} Ke7 {[%clk 0:46:15]} 35. Rh1
{[%clk 0:29:04]} Ra4 {[%clk 0:46:25]} 36. h4 {[%clk 0:29:21]} g6 {[%clk 0:45:22]}
37. h5 {[%clk 0:29:24]} gxh5 {[%clk 0:45:35]} 38. Rxh5 {[%clk 0:29:44]} b4
{[%clk 0:45:51]} 39. Rh7 {[%clk 0:29:37]} Kf8 {[%clk 0:45:38]} 40. Ke3
{[%clk 0:56:11]} Rxa2 {[%clk 1:15:43]} 41. g6 {[%clk 0:56:21]} fxg6
{[%clk 1:15:59]} 42. Kf4 {[%clk 0:56:11]} a5 {[%clk 1:15:49]} 43. e4
{[%clk 0:55:26]} b3 {[%clk 1:13:49]} 44. Ke5 {[%clk 0:54:20]} Re2
{[%clk 1:13:51]} 45. Ra7 {[%clk 0:52:38]} b2 {[%clk 1:13:47]} 46. Rb7
{[%clk 0:53:02]} a4 {[%clk 1:14:03]} 47. Kf6 {[%clk 0:51:23]} Rf2+
{[%clk 1:14:09]} 0-1

[Event "World Chess Olympiad 2018"]
[Site "Batumi"]
[Date "2018.09.28"]
[Round "5"]
[Board "3"]
[WhiteFideId "8701709"]
[White "Kaulule Siame Kela"]
[BlackFideId "16700406"]
[Black "Muhammed Shuaau"]
[Result "1-0"]
[LiveChessVersion "1.4.8"]
[BlackElo "1775"]
[WhiteElo "2160"]

1. d4 {[%clk 1:30:57]} Nf6 {[%clk 1:30:54]} 2. Bg5 {[%clk 1:31:15]} Ne4
{[%clk 1:31:20]} 3. Bf4 {[%clk 1:31:15]} c5 {[%clk 1:30:07]} 4. f3
{[%clk 1:31:09]} Nf6 {[%clk 1:29:51]} 5. d5 {[%clk 1:30:56]} d6 {[%clk 1:29:42]}
6. e4 {[%clk 1:30:36]} g6 {[%clk 1:29:29]} 7. Nc3 {[%clk 1:29:55]} Bg7
{[%clk 1:29:22]} 8. Qd2 {[%clk 1:29:03]} a6 {[%clk 1:23:19]} 9. a4
{[%clk 1:28:59]} Nbd7 {[%clk 1:21:54]} 10. Nh3 {[%clk 1:28:28]} Rb8
{[%clk 1:10:05]} 11. Be2 {[%clk 1:21:26]} Qa5 {[%clk 1:04:31]} 12. O-O
{[%clk 1:19:47]} O-O {[%clk 1:04:06]} 13. Bh6 {[%clk 1:17:13]} Qc7
{[%clk 1:01:43]} 14. a5 {[%clk 1:15:51]} b5 {[%clk 1:00:32]} 15. axb6
{[%clk 1:16:13]} Rxb6 {[%clk 0:58:58]} 16. Ra2 {[%clk 1:14:44]} Rb4
{[%clk 0:54:33]} 17. Rfa1 {[%clk 1:12:09]} Ne5 {[%clk 0:51:56]} 18. Bxg7
{[%clk 1:11:25]} Kxg7 {[%clk 0:52:24]} 19. Nf2 {[%clk 1:11:42]} Ned7
{[%clk 0:39:20]} 20. Ncd1 {[%clk 1:10:27]} Nb8 {[%clk 0:37:36]} 21. Ne3
{[%clk 1:09:05]} e6 {[%clk 0:34:31]} 22. c3 {[%clk 1:00:01]} Rb6 {[%clk 0:33:57]}
23. Nc4 {[%clk 0:59:49]} Rb7 {[%clk 0:34:15]} 24. dxe6 {[%clk 0:59:25]} Bxe6
{[%clk 0:33:20]} 25. Qxd6 {[%clk 0:58:42]} Rd8 {[%clk 0:29:20]} 26. Qxc7
{[%clk 0:58:54]} Rxc7 {[%clk 0:29:49]} 27. Kf1 {[%clk 0:58:24]} h5
{[%clk 0:27:00]} 28. h4 {[%clk 0:54:57]} Ne8 {[%clk 0:26:21]} 29. b3
{[%clk 0:53:33]} Rb7 {[%clk 0:26:19]} 30. Na5 {[%clk 0:53:41]} Rb6
{[%clk 0:26:30]} 31. Ke1 {[%clk 0:52:53]} Nc7 {[%clk 0:26:26]} 32. c4
{[%clk 0:47:24]} Bd7 {[%clk 0:24:59]} 33. Nd3 {[%clk 0:45:02]} Ne6
{[%clk 0:25:20]} 34. Kd2 {[%clk 0:44:33]} Bc8 {[%clk 0:18:55]} 35. Kc3
{[%clk 0:42:21]} Kf6 {[%clk 0:19:22]} 36. Rb2 {[%clk 0:38:31]} Nd7
{[%clk 0:16:30]} 37. f4 {[%clk 0:34:06]} Nd4 {[%clk 0:16:11]} 38. Bf3
{[%clk 0:29:18]} Ke7 {[%clk 0:15:16]} 39. e5 {[%clk 0:28:00]} f6 40. Bd5 fxe5
{[%clk 0:44:48]} 41. fxe5 {[%clk 0:58:04]} Rf8 {[%clk 0:40:59]} 42. Nxc5
{[%clk 0:55:11]} Nf5 {[%clk 0:40:54]} 43. Na4 {[%clk 0:55:28]} Re6
{[%clk 0:40:38]} 44. Re1 {[%clk 0:48:55]} Nxh4 {[%clk 0:38:12]} 45. Rd2
{[%clk 0:48:38]} Rxe5 {[%clk 0:37:17]} 46. Nc6+ {[%clk 0:48:59]} Kf6
{[%clk 0:37:39]} 47. Nxe5 {[%clk 0:48:44]} Nxe5 {[%clk 0:38:08]} 48. Rf2+
{[%clk 0:47:08]} Nf5 {[%clk 0:38:22]} 49. Nc5 {[%clk 0:47:07]} Ng4
{[%clk 0:38:17]} 50. Ra2 {[%clk 0:46:44]} Kg5 {[%clk 0:37:33]} 51. Rxa6
{[%clk 0:45:29]} Nfe3 {[%clk 0:36:42]} 52. Bf3 {[%clk 0:45:07]} Bf5
{[%clk 0:20:21]} 53. Ne6+ {[%clk 0:42:22]} Bxe6 {[%clk 0:20:50]} 54. Rxe6
{[%clk 0:42:41]} Nf5 {[%clk 0:20:53]} 55. b4 {[%clk 0:41:44]} Nh4
{[%clk 0:21:18]} 56. Bc6 {[%clk 0:40:34]} Kf4 {[%clk 0:21:03]} 57. Rf1+
{[%clk 0:40:44]} 1-0

[Event "World Chess Olympiad 2018"]
[Site "Batumi"]
[Date "2018.09.28"]
[Round "5"]
[Board "4"]
[WhiteFideId "16700031"]
[White "Ahmed Ashraf"]
[BlackFideId "8701776"]
[Black "Mulenga Prince Daniel"]
[Result "0-1"]
[LiveChessVersion "1.4.8"]
[BlackElo "2237"]
[WhiteElo "1863"]

1. e4 {[%clk 1:30:51]} c5 {[%clk 1:30:44]} 2. Nf3 {[%clk 1:31:15]} d6
{[%clk 1:31:05]} 3. d4 {[%clk 1:31:38]} cxd4 {[%clk 1:31:31]} 4. Nxd4
{[%clk 1:32:01]} Nf6 {[%clk 1:31:50]} 5. Nc3 {[%clk 1:32:24]} a6 {[%clk 1:32:12]}
6. Bg5 {[%clk 1:32:40]} e6 {[%clk 1:30:35]} 7. f4 {[%clk 1:32:50]} Qc7
{[%clk 1:22:16]} 8. Qf3 {[%clk 1:31:43]} b5 {[%clk 1:22:17]} 9. a3
{[%clk 1:28:58]} Bb7 {[%clk 1:21:54]} 10. Bxf6 {[%clk 1:23:07]} gxf6
{[%clk 1:20:24]} 11. Qh5 {[%clk 1:23:23]} Qc5 {[%clk 1:16:29]} 12. Qd1
{[%clk 1:14:19]} Nd7 {[%clk 1:07:06]} 13. Qd3 {[%clk 1:09:51]} Rc8
{[%clk 1:04:27]} 14. O-O-O {[%clk 1:06:51]} Nb6 {[%clk 1:04:21]} 15. Nb3
{[%clk 1:00:40]} Qc7 {[%clk 0:59:35]} 16. Qd4 {[%clk 0:57:59]} e5
{[%clk 0:52:53]} 17. Qd2 {[%clk 0:44:41]} Be7 {[%clk 0:45:11]} 18. Kb1
{[%clk 0:40:50]} O-O {[%clk 0:40:28]} 19. f5 {[%clk 0:40:29]} d5 {[%clk 0:37:58]}
20. Bd3 {[%clk 0:34:03]} d4 {[%clk 0:24:29]} 21. Na2 {[%clk 0:33:36]} Nc4
{[%clk 0:24:55]} 22. Qe1 {[%clk 0:31:03]} Kh8 {[%clk 0:23:35]} 23. Rc1
{[%clk 0:23:33]} a5 {[%clk 0:19:29]} 24. c3 {[%clk 0:19:13]} a4 {[%clk 0:18:01]}
25. Nd2 {[%clk 0:14:39]} Rfd8 {[%clk 0:17:26]} 26. cxd4 {[%clk 0:13:10]} Rxd4
{[%clk 0:17:38]} 27. Qe2 {[%clk 0:11:40]} Nxd2+ {[%clk 0:15:02]} 28. Qxd2
{[%clk 0:11:48]} Qd7 {[%clk 0:14:32]} 29. Rxc8+ {[%clk 0:10:49]} Bxc8
{[%clk 0:14:54]} 30. Nc1 {[%clk 0:09:08]} b4 {[%clk 0:15:06]} 31. axb4
{[%clk 0:08:59]} Bxb4 32. Qc2 {[%clk 0:09:12]} Bb7 {[%clk 0:12:53]} 33. Rf1
{[%clk 0:08:05]} Bf8 {[%clk 0:12:52]} 34. Rf3 {[%clk 0:08:06]} Qc6
{[%clk 0:11:23]} 35. Rf2 {[%clk 0:06:23]} Qb6 {[%clk 0:10:24]} 36. Re2
{[%clk 0:06:26]} Bh6 {[%clk 0:10:05]} 37. Na2 {[%clk 0:06:04]} Qd8
{[%clk 0:09:58]} 38. Nc3 {[%clk 0:04:18]} Rxd3 {[%clk 0:10:08]} 39. Qxa4
{[%clk 0:04:31]} Qd4 {[%clk 0:08:52]} 40. Qb3 {[%clk 0:34:19]} Qd7
{[%clk 0:35:13]} 41. h4 {[%clk 0:29:30]} Bd2 {[%clk 0:32:59]} 42. Qb4
{[%clk 0:29:15]} Kg7 {[%clk 0:33:08]} 43. Kc2 {[%clk 0:24:56]} Rd4
{[%clk 0:31:50]} 44. Qb5 {[%clk 0:22:30]} Bc6 {[%clk 0:30:46]} 45. Qb6
{[%clk 0:13:01]} Bxc3 {[%clk 0:29:05]} 46. bxc3 {[%clk 0:13:27]} Bxe4+
{[%clk 0:28:12]} 47. Kb3 {[%clk 0:13:32]} Qa4+ {[%clk 0:27:56]} 48. Kb2
{[%clk 0:13:46]} Rd1 {[%clk 0:27:40]} 0-1

[Event "World Chess Olympiad 2018"]
[Site "Batumi"]
[Date "2018.09.28"]
[Round "5"]
[Board "1"]
[WhiteFideId "6900224"]
[White "De La Riva Aguado Oscar"]
[BlackFideId "9300244"]
[Black "Omar Noaman"]
[Result "1/2-1/2"]
[LiveChessVersion "1.4.8"]
[BlackElo "2356"]
[WhiteElo "2475"]

1. e4 {[%clk 1:30:54]} c6 {[%clk 1:30:44]} 2. Nc3 {[%clk 1:30:33]} d5
{[%clk 1:31:06]} 3. Nf3 {[%clk 1:30:34]} Bg4 {[%clk 1:31:27]} 4. h3
{[%clk 1:29:50]} Bh5 {[%clk 1:31:49]} 5. exd5 {[%clk 1:28:01]} cxd5
{[%clk 1:32:15]} 6. g4 {[%clk 1:28:26]} Bg6 {[%clk 1:32:36]} 7. Ne5
{[%clk 1:28:14]} Nc6 {[%clk 1:32:54]} 8. d4 {[%clk 1:28:34]} e6 {[%clk 1:30:41]}
9. h4 {[%clk 1:25:27]} f6 {[%clk 1:27:09]} 10. Nxc6 {[%clk 1:22:59]} bxc6
{[%clk 1:27:25]} 11. h5 {[%clk 1:23:23]} Bf7 {[%clk 1:27:46]} 12. Bf4
{[%clk 1:23:03]} Bd6 {[%clk 1:26:13]} 13. Bxd6 {[%clk 1:19:54]} Qxd6
{[%clk 1:26:41]} 14. Qd2 {[%clk 1:20:13]} Rb8 {[%clk 1:23:36]} 15. Na4
{[%clk 1:11:38]} e5 {[%clk 1:05:46]} 16. a3 {[%clk 1:00:35]} Ne7 {[%clk 1:02:06]}
17. O-O-O {[%clk 0:58:12]} e4 {[%clk 0:58:46]} 18. Nc5 {[%clk 0:53:51]} h6
{[%clk 0:58:43]} 19. f3 {[%clk 0:52:26]} exf3 {[%clk 0:58:42]} 20. Rh3
{[%clk 0:52:41]} O-O {[%clk 0:58:58]} 21. Rxf3 {[%clk 0:52:55]} Nc8
{[%clk 0:52:30]} 22. Bd3 {[%clk 0:23:30]} Re8 {[%clk 0:51:11]} 23. b3
{[%clk 0:23:06]} Qd8 {[%clk 0:37:00]} 24. Re1 {[%clk 0:23:30]} Rxe1+
{[%clk 0:33:15]} 25. Qxe1 {[%clk 0:23:53]} Nd6 {[%clk 0:33:18]} 26. Re3
{[%clk 0:24:00]} f5 {[%clk 0:28:02]} 27. Bxf5 {[%clk 0:21:50]} Nxf5
{[%clk 0:27:01]} 28. gxf5 {[%clk 0:22:15]} Qg5 {[%clk 0:26:19]} 29. Ne6
{[%clk 0:18:55]} Bxe6 {[%clk 0:25:44]} 30. fxe6 {[%clk 0:19:20]} Re8
{[%clk 0:25:46]} 31. Kb1 {[%clk 0:18:23]} Qxh5 {[%clk 0:25:10]} 32. Qc3
{[%clk 0:17:50]} Re7 {[%clk 0:19:21]} 33. Qc5 {[%clk 0:12:02]} Qe8
{[%clk 0:15:20]} 34. Qd6 {[%clk 0:12:25]} Kh7 {[%clk 0:14:13]} 35. a4
{[%clk 0:12:46]} a5 {[%clk 0:14:16]} 36. Kb2 {[%clk 0:12:33]} g5 {[%clk 0:05:41]}
37. Ka3 {[%clk 0:10:55]} Kg6 {[%clk 0:05:48]} 38. c4 {[%clk 0:07:29]} Qf8
{[%clk 0:04:08]} 39. cxd5 {[%clk 0:06:09]} Qf1 {[%clk 0:03:56]} 40. Re2
{[%clk 0:30:41]} Qa1+ {[%clk 0:33:40]} 41. Ra2 {[%clk 0:31:05]} Qc1+
{[%clk 0:33:56]} 42. Rb2 {[%clk 0:31:28]} Qa1+ {[%clk 0:34:04]} 43. Ra2
{[%clk 0:31:52]} Qc1+ {[%clk 0:34:25]} 44. Rb2 {[%clk 0:32:16]} Qa1+
{[%clk 0:34:42]} 1/2-1/2

[Event "World Chess Olympiad 2018"]
[Site "Batumi"]
[Date "2018.09.28"]
[Round "5"]
[Board "2"]
[WhiteFideId "9300465"]
[White "AlHuwar Jasem"]
[BlackFideId "2260409"]
[Black "Aloma Vidal Robert"]
[Result "1/2-1/2"]
[LiveChessVersion "1.4.8"]
[BlackElo "2428"]
[WhiteElo "2245"]

1. Nf3 {[%clk 1:30:45]} g6 {[%clk 1:30:31]} 2. g3 {[%clk 1:31:05]} Bg7
{[%clk 1:30:54]} 3. d4 {[%clk 1:31:30]} c5 {[%clk 1:30:37]} 4. c3
{[%clk 1:31:47]} Qa5 {[%clk 1:26:16]} 5. Nbd2 {[%clk 1:19:46]} cxd4
{[%clk 1:26:15]} 6. Nb3 {[%clk 1:19:59]} Qb6 {[%clk 1:26:19]} 7. cxd4
{[%clk 1:19:36]} Nf6 {[%clk 1:26:00]} 8. Bg2 {[%clk 1:19:53]} O-O
{[%clk 1:25:51]} 9. O-O {[%clk 1:20:16]} d6 {[%clk 1:24:49]} 10. d5
{[%clk 1:19:15]} a5 {[%clk 1:22:19]} 11. Be3 {[%clk 1:18:57]} Qa6
{[%clk 1:22:09]} 12. a4 {[%clk 1:18:51]} Bd7 {[%clk 0:53:05]} 13. Nfd4
{[%clk 1:17:36]} Rc8 {[%clk 0:51:14]} 14. Qd2 {[%clk 1:15:51]} Rc4
{[%clk 0:43:59]} 15. Rfc1 {[%clk 0:57:24]} Rxa4 {[%clk 0:42:27]} 16. Rxa4
{[%clk 0:57:11]} Bxa4 {[%clk 0:42:51]} 17. Rc8+ {[%clk 0:57:26]} Ne8
{[%clk 0:38:33]} 18. Bh3 {[%clk 0:35:03]} b6 {[%clk 0:29:53]} 19. Qd3
{[%clk 0:24:42]} Qb7 {[%clk 0:29:23]} 20. Qc4 {[%clk 0:21:35]} Bd7
{[%clk 0:23:01]} 21. Rxe8+ {[%clk 0:18:26]} Bxe8 {[%clk 0:23:26]} 22. Bc8
{[%clk 0:18:50]} b5 {[%clk 0:20:28]} 23. Bxb7 {[%clk 0:18:26]} bxc4
{[%clk 0:20:50]} 24. Bxa8 {[%clk 0:18:50]} cxb3 {[%clk 0:20:47]} 25. Nxb3
{[%clk 0:19:10]} a4 {[%clk 0:14:27]} 26. Nd4 {[%clk 0:18:32]} Na6
{[%clk 0:14:48]} 27. Bc6 {[%clk 0:06:50]} Kf8 {[%clk 0:14:38]} 28. Bb7
{[%clk 0:06:13]} Nc5 {[%clk 0:08:44]} 29. Ba8 {[%clk 0:03:25]} Nd7
{[%clk 0:06:40]} 30. Bc6 {[%clk 0:01:23]} Nb6 {[%clk 0:05:12]} 31. Nb5
{[%clk 0:00:50]} Nxd5 {[%clk 0:05:05]} 32. Bxe8 {[%clk 0:00:57]} Nxe3
{[%clk 0:02:16]} 33. Nc7 {[%clk 0:01:20]} Nd5 {[%clk 0:01:29]} 34. Nxd5
{[%clk 0:01:24]} Kxe8 {[%clk 0:01:57]} 35. Nb6 {[%clk 0:01:44]} Bxb2
{[%clk 0:02:13]} 36. Nxa4 {[%clk 0:02:11]} Ba1 {[%clk 0:01:29]} 37. Nb6
{[%clk 0:01:51]} e6 {[%clk 0:01:41]} 38. e4 {[%clk 0:01:44]} Bd4 {[%clk 0:01:05]}
39. Nc4 {[%clk 0:01:54]} Ke7 {[%clk 0:01:24]} 40. Kf1 {[%clk 0:31:51]} d5
{[%clk 0:31:21]} 41. exd5 {[%clk 0:30:55]} exd5 {[%clk 0:31:49]} 42. Nd2
{[%clk 0:30:27]} Kf6 {[%clk 0:31:04]} 43. Ke2 {[%clk 0:29:31]} Kf5
{[%clk 0:30:50]} 44. h3 {[%clk 0:27:41]} Bc3 {[%clk 0:30:39]} 45. Nb3
{[%clk 0:27:28]} Ke5 {[%clk 0:29:55]} 46. Kd3 {[%clk 0:23:04]} Be1
{[%clk 0:29:43]} 47. Ke2 {[%clk 0:23:28]} Bb4 {[%clk 0:29:58]} 48. Kd3
{[%clk 0:23:33]} h5 {[%clk 0:30:15]} 49. Ke3 {[%clk 0:18:55]} Be7
{[%clk 0:28:23]} 50. Kd3 {[%clk 0:18:34]} Kd6 {[%clk 0:27:05]} 51. Kd4
{[%clk 0:18:04]} Bd8 {[%clk 0:27:04]} 52. Kd3 {[%clk 0:18:28]} Bb6
{[%clk 0:27:29]} 53. Ke2 {[%clk 0:18:42]} Kc6 {[%clk 0:25:25]} 54. Nc1
{[%clk 0:18:24]} Kb5 {[%clk 0:25:08]} 55. Nd3 {[%clk 0:18:43]} Bd4
{[%clk 0:25:09]} 56. Nf4 {[%clk 0:18:19]} Kc4 {[%clk 0:25:29]} 57. Nd3
{[%clk 0:18:38]} Bf6 {[%clk 0:24:40]} 58. Nf4 {[%clk 0:18:50]} Kd4
{[%clk 0:24:08]} 59. Nd3 {[%clk 0:19:08]} Be7 {[%clk 0:23:46]} 60. Nf4
{[%clk 0:19:03]} Bd6 {[%clk 0:23:18]} 61. Nd3 {[%clk 0:19:08]} Kc3
{[%clk 0:17:45]} 62. Ne1 {[%clk 0:19:10]} f5 {[%clk 0:16:29]} 63. Nd3
{[%clk 0:17:29]} d4 {[%clk 0:14:18]} 64. Ne1 {[%clk 0:17:24]} Kc4
{[%clk 0:12:55]} 65. Nd3 {[%clk 0:17:46]} Kd5 {[%clk 0:13:23]} 66. Kf3
{[%clk 0:17:05]} Bc7 {[%clk 0:13:36]} 67. Nb2 {[%clk 0:17:02]} Bb8
{[%clk 0:11:31]} 68. Nd3 {[%clk 0:17:25]} Bd6 {[%clk 0:11:56]} 69. Nb2
{[%clk 0:17:41]} g5 {[%clk 0:11:44]} 70. Nd3 {[%clk 0:17:55]} Kc4
{[%clk 0:09:15]} 71. Ke2 {[%clk 0:18:13]} Kc3 {[%clk 0:09:20]} 72. Ne1
{[%clk 0:18:18]} Kc4 {[%clk 0:07:42]} 73. Nd3 {[%clk 0:18:01]} f4
{[%clk 0:07:09]} 74. gxf4 {[%clk 0:17:51]} Bxf4 {[%clk 0:07:13]} 75. f3
{[%clk 0:18:14]} Be3 {[%clk 0:06:25]} 76. Ne5+ {[%clk 0:17:59]} Kd5
{[%clk 0:06:50]} 77. Nd3 {[%clk 0:18:24]} Ke6 {[%clk 0:06:54]} 78. Ne1
{[%clk 0:18:40]} Bf4 {[%clk 0:06:55]} 79. Nd3 {[%clk 0:18:57]} Bg3
{[%clk 0:07:08]} 80. Nc5+ {[%clk 0:19:09]} Kf5 {[%clk 0:07:29]} 81. Nd3
{[%clk 0:19:30]} Bh4 {[%clk 0:07:30]} 82. Kf1 {[%clk 0:19:48]} Bg3
{[%clk 0:07:03]} 83. Ke2 {[%clk 0:20:11]} Bc7 {[%clk 0:07:04]} 84. Kd1
{[%clk 0:20:22]} Ke6 {[%clk 0:07:13]} 85. Kc2 {[%clk 0:20:32]} Kd5
{[%clk 0:07:29]} 86. Kd1 {[%clk 0:20:42]} Bf4 {[%clk 0:07:12]} 87. Ke2
{[%clk 0:21:03]} Be3 {[%clk 0:07:37]} 88. Ne1 {[%clk 0:21:26]} Kc4
{[%clk 0:07:40]} 89. Nd3 {[%clk 0:21:49]} Bf4 {[%clk 0:07:37]} 90. Nb2+
{[%clk 0:22:11]} Kc3 {[%clk 0:07:44]} 91. Nd3 {[%clk 0:22:35]} Bg3
{[%clk 0:07:46]} 92. Nc5 {[%clk 0:22:58]} Bf4 {[%clk 0:03:12]} 93. Nd3
{[%clk 0:23:18]} Be3 {[%clk 0:03:35]} 94. Nc5 {[%clk 0:23:09]} 1/2-1/2

[Event "World Chess Olympiad 2018"]
[Site "Batumi"]
[Date "2018.09.28"]
[Round "5"]
[Board "3"]
[WhiteFideId "6900020"]
[White "Garcia Paolicchi Raul"]
[BlackFideId "9301143"]
[Black "Sultan Ibrahim"]
[Result "1/2-1/2"]
[LiveChessVersion "1.4.8"]
[BlackElo "2112"]
[WhiteElo "2176"]

1. d4 {[%clk 1:30:56]} d5 {[%clk 1:30:55]} 2. Nf3 {[%clk 1:31:05]} Nf6
{[%clk 1:28:10]} 3. e3 {[%clk 1:30:35]} c5 {[%clk 1:27:41]} 4. c3
{[%clk 1:30:49]} e6 {[%clk 1:27:10]} 5. Bd3 {[%clk 1:30:48]} Bd6 {[%clk 1:27:27]}
6. Nbd2 {[%clk 1:31:07]} Nbd7 {[%clk 1:27:08]} 7. O-O {[%clk 1:31:05]} O-O
{[%clk 1:22:17]} 8. Re1 {[%clk 1:29:43]} Qc7 {[%clk 1:15:08]} 9. e4
{[%clk 1:29:01]} cxd4 {[%clk 1:14:36]} 10. cxd4 {[%clk 1:29:17]} dxe4
{[%clk 1:14:41]} 11. Nxe4 {[%clk 1:29:40]} Nxe4 {[%clk 1:14:55]} 12. Rxe4
{[%clk 1:29:44]} Re8 {[%clk 1:01:31]} 13. Rh4 {[%clk 1:19:40]} Nf8
{[%clk 1:00:14]} 14. Bd2 {[%clk 1:08:56]} Bd7 {[%clk 0:41:30]} 15. Ng5
{[%clk 0:58:04]} f5 {[%clk 0:39:29]} 16. Rc1 {[%clk 0:56:48]} Qd8
{[%clk 0:36:42]} 17. Qh5 {[%clk 0:52:44]} g6 {[%clk 0:37:05]} 18. Qh6
{[%clk 0:52:48]} Qe7 {[%clk 0:35:28]} 19. Nf3 {[%clk 0:49:40]} Rac8
{[%clk 0:23:43]} 20. Re1 {[%clk 0:39:46]} Bc6 {[%clk 0:18:53]} 21. Ne5
{[%clk 0:37:14]} Bd5 {[%clk 0:15:07]} 22. Bb5 {[%clk 0:33:57]} Bc6
{[%clk 0:14:45]} 23. Nxc6 {[%clk 0:33:20]} bxc6 {[%clk 0:15:10]} 24. Bc4
{[%clk 0:33:16]} Qf7 {[%clk 0:13:33]} 25. Rh3 {[%clk 0:30:55]} Rc7
{[%clk 0:10:11]} 26. Bg5 {[%clk 0:24:00]} Rd7 {[%clk 0:06:41]} 27. Bb3
{[%clk 0:19:06]} Bb4 {[%clk 0:05:03]} 28. Rd1 {[%clk 0:17:28]} Qg7
{[%clk 0:03:46]} 29. Qh4 {[%clk 0:15:28]} Be7 {[%clk 0:02:50]} 30. Bxe7
{[%clk 0:15:22]} Qxe7 {[%clk 0:02:54]} 31. Qxe7 {[%clk 0:15:30]} Rexe7
{[%clk 0:03:15]} 32. Rc3 {[%clk 0:14:56]} Rd6 {[%clk 0:03:28]} 33. Kf1
{[%clk 0:13:36]} Red7 {[%clk 0:01:28]} 34. Ke2 {[%clk 0:13:29]} Kg7
{[%clk 0:01:15]} 35. Rc5 {[%clk 0:11:38]} Rc7 {[%clk 0:01:03]} 36. Rc4
{[%clk 0:06:29]} Nd7 {[%clk 0:01:23]} 37. Rdc1 {[%clk 0:05:53]} Nb6
{[%clk 0:01:08]} 38. Rc5 {[%clk 0:05:32]} Nd7 {[%clk 0:00:45]} 39. R5c4
{[%clk 0:05:16]} Nb6 {[%clk 0:01:04]} 40. Rc5 {[%clk 0:35:26]} Nd7
{[%clk 0:31:17]} 1/2-1/2